000 00563nam a2200205Ia 4500
001 14824
003 GE_BSU
008 181216s||||||||xx |||||||||||||| ||und||
040 _cGE_BSU
080 _a51(035)
100 _aАлександрова,Н.В.
245 _aМатематические термины. Справочник
260 _aМосква
260 _bВысшая школа
260 _c1978
300 _a190стр.20см.
653 _aМатематические термины.
653 _aСправочник
942 _cBK
999 _c47947
_d47947